| 000 -LEADER |
| fixed length control field |
00317cam a22001097a 4500 |
| 008 - FIXED-LENGTH DATA ELEMENTS--GENERAL INFORMATION |
| fixed length control field |
180718b1963 xxu||||| |||| 00| 0 eng d |
| 082 ## - DEWEY DECIMAL CLASSIFICATION NUMBER |
| Classification number |
B71103x5452 A/1961 |
| 100 ## - MAIN ENTRY--PERSONAL NAME |
| Personal name |
Madras. Law Department |
| 245 ## - TITLE STATEMENT |
| Title |
Madras panchayats act, 1958 (Madras act no. 27 of 1961) |
| 260 ## - PUBLICATION, DISTRIBUTION, ETC. |
| Place of publication, distribution, etc. |
Madras |
| Name of publisher, distributor, etc. |
The author |
| Date of publication, distribution, etc. |
1963 |
| 300 ## - PHYSICAL DESCRIPTION |
| Extent |
12p. |